000 00332nam a22001457a 4500
008 230324b ||||| |||| 00| 0 eng d
020 _a9781581103069
041 _aeng
080 _228TH EDITION
_a61
082 _a61AAP
100 _a4
101 _aMJEKSI
245 _aRED BOOK
_cAMERICAN ACADEMY PEDIATRICS
942 _2udc
_cBK
999 _c59447
_d59447